Регионална библиотека "Любен Каравелов" - Русе

Внимавай на завоите (Запис номер 123657)

MARC детайли
000 -Лидер
Контролно поле с фиксирана дължина 01276nam a2200301 c 4500
003 - Код на организацията, давaща контролен номер
Контролно поле BLK
005 - Дата и час на последна редакция
Контролно поле 20220503114713.0
008 - Елементи от данни с фиксирана дължина
fixed length control field 180409b bul|||||r ||||||| ||bul||
010 ## - Наследен системен номер
LC control number KNG00129319000
040 ## - Източник на каталожния запис
Идентификатор на билиотеката - собственик на записа BLK
041 ## - Код за език
Код за езика на текст/звукозапис или на отделно заглавие Български
Код за езика КДБФ Български
080 ## - УДК
Текстов определител УДК Българска литература
УДК код - определител по УДК 821.163.2
УДК определител -32
УДК - код + определител 821.163.2-32
100 1# - Редна дума - Автор
Автор Бенадов, Хаим Нисим
Авторска отговорност първи автор
R(LIN) 318338
139 ## - Редно поле
Редна дума Бенадов, Хаим Нисим
Авторски знак Бен - Б 37
245 10 - Сведения за заглавието
Заглавие Внимавай на завоите
Подзаглавни данни Хумор - сатира : Разкази
Редно поле (дума) Хаим Нисим Бенадов; предг. от Ангел Тодоров; * Хаим Нисимов Бенадов.
257 ## - Страна на издаване
Страна на създаване/издаване България
260 ## - Област на издателските данни
Име на издателя, разпространителя и проч. Христо Г. Данов
Година на издаване 1982
Място на издаване, разпространение и проч. Пловдив
300 ## - Физическа характеристика
Страници 187 с.
Размери/Мащаб 20 см
380 ## - Жанр
Жанр Худож. лит.
500 ## - Общи забележки
Забележка 7 100 тир.
700 1# - Други автори (авторска отговорност)
Лично име Тодоров, Ангел
Автороска отговорност (Описва отношението между автора и произведението) предг. от
Друга информация Тошков, Ангел Тодоров
9 (RLIN) 367241
700 1# - Други автори (авторска отговорност)
Лично име Бенадов, Хаим Нисимов
Автороска отговорност (Описва отношението между автора и произведението) *
Друга информация Бенадов, Хаим Нисим
9 (RLIN) 377285
852 ## - Местоположение
Форматна сигнатура Цб 117312
Фондова буква Хранилище
856 4# - Електронен адрес и достъп
Електронен формат pdf - файл
856 4# - Електронен адрес и достъп
Електронен формат pdf - файл
999 ## - СИСТЕМНИ КОНТРОЛНИ НОМЕРА
Koha biblionumber 123657
Koha biblioitemnumber 123657
942 ## - АРТИКУЛИ
Вид на библиотечния материал Книги
Скрит в OPAC Не
Периодичен библиозапис Да
944 ## - СЪЗДАВАНЕ И РЕДАКЦИЯ на ЗАПИСА
Създаване/Редакция Създаване
Дата на регистрацията/редакция 28.03.2012
Статус, дата на статуса 28.03.2012 - от С1,Р / 28.03.2012
Служител, извършил регистрацията/редакцията Елица_Владова
944 ## - СЪЗДАВАНЕ И РЕДАКЦИЯ на ЗАПИСА
Създаване/Редакция Редакция
Дата на регистрацията/редакция 28.03.2012
Статус, дата на статуса 28.03.2012 - от С1,Р / 28.03.2012
944 ## - СЪЗДАВАНЕ И РЕДАКЦИЯ на ЗАПИСА
Създаване/Редакция Редакция
Дата на регистрацията/редакция 2022-05-03
999 ## - СИСТЕМНИ КОНТРОЛНИ НОМЕРА
Koha biblioitemnumber 123657
Наличности
Код за отписване Код за изгубен артикул Източник на класификационната схема Код за повреда Коз за рестрикции Код за отдаване Артикулен № Име на библиотеката - собственик Име на библиотеката, в която се намира в момента Статус (Текущо местоположение) Дата на вписване в системата Местоположение - отдел Цена в лева Инвентарен номер Систематично азбучна сигнатура Баркод Номер на екземпляра Цена в евро Служебна бележка Служебен тип на артикула Бележка за публиката
  Не е изгубен Universal Decimal Classification Не е повреден без рестрикции ползва се в читалня 200273 Регионална библиотека "Любен Каравелов" Русе Регионална библиотека "Любен Каравелов" Русе Хранилище 1982-01-01 Хранилище 0.92 362553 Цб 117312 120000362553 1 0.47 N: стар фонд Дата: 01.01.1982 Книги  
Изтеглен Не е изгубен   Не е повреден без рестрикции заемане за дома 200274 Регионална библиотека "Любен Каравелов" Русе Регионална библиотека "Любен Каравелов" Русе   1982-01-01 Заемна - подръчен фонд 0.92 364698 П 886.7-32/Б 37 364698 2 0.47 N: стар фонд Дата: 01.01.1982 Книги Отч.N: 6/2018 , Дата: 22.01.2018
Изтеглен Не е изгубен Universal Decimal Classification Не е повреден без рестрикции заемане за дома 200275 Регионална библиотека "Любен Каравелов" Русе Регионална библиотека "Любен Каравелов" Русе Заемна - подръчен фонд 1982-01-01 Заемна - подръчен фонд 0.92 364699 П 886.7-32/Б 37 364699 3 0.47 N: стар фонд Дата: 01.01.1982 Книги  
Vip Innovations Ltd, Rousse, Bulgaria 2025